| Tag |
First Indicator |
Second Indicator |
Subfields |
| LEADER |
00000cam a2200000Ia 4500 |
| 001 |
in00003173521 |
| 005 |
20151205084918.0 |
| 008 |
120724s2012 gw a b 000 0 eng d |
| 020 |
|
|
|a 9783643902306 (pbk.)
|
| 020 |
|
|
|a 3643902301 (pbk.)
|
| 035 |
|
|
|a (OCoLC)ocn805021818
|
| 040 |
|
|
|a UKM
|c UKM
|d YDX
|d BWX
|d IUL
|d CDX
|d UtOrBLW
|
| 049 |
|
|
|a TXAM
|
| 082 |
0 |
|
|a 371.95
|2 23
|
| 090 |
|
|
|a LC3993
|b .T354 2012
|
| 245 |
0 |
0 |
|a Talent development and excellence /
|c edited by Heidrun Stoeger, Abdullah Aljughaiman, Bettina Harder.
|
| 264 |
|
1 |
|a Berlin :
|b Lit,
|c 2012.
|
| 300 |
|
|
|a 274 pages :
|b illustrations ;
|c 24 cm.
|
| 336 |
|
|
|a text
|b txt
|2 rdacontent
|
| 337 |
|
|
|a unmediated
|b n
|2 rdamedia
|
| 338 |
|
|
|a volume
|b nc
|2 rdacarrier
|
| 490 |
1 |
|
|a Talentförderung, Expertiseentwicklung, Leistungsexzellenz ;
|v Band 11
|
| 504 |
|
|
|a Includes bibliographical references.
|
| 650 |
|
0 |
|a Gifted children
|x Education.
|
| 700 |
1 |
|
|a Stoeger, Heidrun.
|
| 700 |
1 |
|
|a Aljughaiman, Abdullah.
|
| 700 |
1 |
|
|a Harder, Bettina.
|
| 830 |
|
0 |
|a Talentförderung, Expertiseentwicklung, Leistungsexzellenz ;
|v Bd. 11.
|
| 945 |
|
|
|a PromptCat
|b 351418
|
| 946 |
|
|
|a stk
|
| 947 |
|
|
|a A14835892324
|
| 948 |
|
|
|a cataloged
|b h
|c 2013/6/11
|d c
|e dmitchel
|f 4:44:44 pm
|
| 994 |
|
|
|a 92
|b TXA
|
| 999 |
|
|
|a MARS
|
| 999 |
f |
f |
|s 55eaef69-3a69-3d87-ac81-1ed98c63d8e8
|i 9c7d5bdc-73df-34fa-a5c7-8bfd326271c0
|t 0
|
| 952 |
f |
f |
|p normal
|a Texas A&M University
|b College Station
|c Sterling C. Evans Library
|d Evans: Library Stacks
|t 0
|e LC3993 .T354 2012
|h Library of Congress classification
|i unmediated -- volume
|m A14835892324
|
| 998 |
f |
f |
|a LC3993 .T354 2012
|t 0
|l Evans: Library Stacks
|